ՀՀ Գիտությունների ազգային ակադեմիայի հիմնարար գիտական գրադարան  =   Fundamental Scientific Library of NAS RA

Отрывки из дневника 1914 г. / (Record no. 538010)

MARC details
000 -LEADER
fixed length control field 00599nam a2200193 a 4500
001 - CONTROL NUMBER
control field 1244490
003 - CONTROL NUMBER IDENTIFIER
control field AM-YEHGA
005 - DATE AND TIME OF LATEST TRANSACTION
control field 20260313134249.0
008 - FIXED-LENGTH DATA ELEMENTS--GENERAL INFORMATION
fixed length control field 180124s1924 ru |||||r|||||000|0 rus|d
040 ## - CATALOGING SOURCE
Original cataloging agency AM-YEHGA
041 0# - LANGUAGE CODE
Language code of text/sound track or separate title rus
100 1# - MAIN ENTRY--PERSONAL NAME
Personal name Коллонтай, Александра Михайловна,
Dates associated with a name 1872-1952
245 10 - TITLE STATEMENT
Title Отрывки из дневника 1914 г. /
Statement of responsibility, etc. А. Коллонтай.
260 ## - PUBLICATION, DISTRIBUTION, ETC.
Place of publication, distribution, etc. Л. :
Name of publisher, distributor, etc. Гос. изд.,
Date of publication, distribution, etc. 1924.
300 ## - PHYSICAL DESCRIPTION
Extent 79 с. :
Dimensions 24 см .
500 ## - GENERAL NOTE
General note На обл. дата: 1925
650 14 - SUBJECT ADDED ENTRY--TOPICAL TERM
Topical term or geographic name entry element История России
942 ## - ADDED ENTRY ELEMENTS (KOHA)
Source of classification or shelving scheme Universal Decimal Classification
Koha item type Գրքեր / Books
Holdings
Withdrawn status Lost status Damaged status Not for loan Collection Home library Current library Date acquired Total checkouts Full call number Barcode Date last seen Price effective from Koha item type Public note
        Kusikian Individual Collection Fundamental Scientific Library Fundamental Scientific Library 22/10/2025   Кус/4853 FL0696703 22/10/2025 22/10/2025 Գրքեր / Books ILL Non-Circ.


ՀՀ ԳԱԱ հիմնարար գիտական գրադարան
ՀՀ,Երևան 0019
Մարշալ Բաղրամյան 24/6
հեռախոս:(374-10) 52-47-50
Հետադարձ կապ

All site content, except where otherwise noted, is licensed under a
Creative Commons License